| 000 | 01007cam a2200277 a 4500 | ||
|---|---|---|---|
| 001 | 000015767 | ||
| 005 | 20200929164139.0 | ||
| 008 | 931021s1991 cu b 000 0 spa | ||
| 040 |
_aDO-SdBNP _bspa _cDLC _dBNPHU |
||
| 082 |
_a070.435 _bL459a |
||
| 100 | 1 |
_aLechuga Otero, Rafael. _935482 |
|
| 245 | 1 | 4 |
_aLas agencias internacionales de noticias / _cRafael Lechuga Otero, Vicente Guasch Pascual, Carlos Mora Herm ; edición Fermín Romero Alfau. |
| 260 |
_aLa Habana, Cuba : _bPablo de la Torriente, _c1991. |
||
| 300 |
_axiii, 117 p. ; _c23 cm. |
||
| 490 | 1 | _aTécnica | |
| 504 | _aIncluye referencias bibliográficas (p. 115-117). | ||
| 650 | 4 |
_aAgencias de noticias _xHistoria _935483 |
|
| 650 | 4 |
_aNoticias extranjeras _xHistoria _935484 |
|
| 650 | 4 |
_aPeriodismo _929 |
|
| 700 | 1 |
_aGuasch Pascual, Vicente. _935485 |
|
| 700 | 1 |
_aMora Herm, Carlos. _935486 |
|
| 700 | 1 |
_aRomero Alfau, Fermín _eed. _933134 |
|
| 830 | 0 |
_aTécnica ; _91557 |
|
| 910 | _aCatalogación por copia / LC | ||
| 049 | _aBNGR | ||
| 999 |
_c15315 _d15315 |
||